| 000 | 01123 a2200325 4500 | ||
|---|---|---|---|
| 001 | 200002411 | ||
| 651 | 0 |
_aİzmir (Turkey) _xEconomic conditions _xHistory _967495 |
|
| 651 | 0 |
_aİzmir (Türkiye) _xEkonomik durum _xTarih _967497 |
|
| 999 |
_c200002411 _d29484 |
||
| 003 | TR-AnTOB | ||
| 005 | 20230824120346.0 | ||
| 008 | 101127b2007 tu 000 0 | ||
| 020 | _a9789758789108 | ||
| 040 | _aTOBBETÜ | ||
| 041 | _atur | ||
| 050 |
_aHC493.I96 _bD86 2007 |
||
| 090 | _aHC493.I96 D86 2007 | ||
| 245 | 0 | 0 |
_aDünden bugüne İzmir'in sosyal ve ekonomik gelişimi / _cEditör, İ.H.Yetkiner. |
| 264 | 1 |
_aİzmir : _bİzmir Ekonomi Üniversitesi, _c2007. |
|
| 300 |
_aiv, 75 s. : _bres. ; _c22 cm. |
||
| 490 | 0 |
_aİzmir Ekonomi Üniversitesi; _vyayın no: IEU-010 |
|
| 650 | 0 |
_aEconomic development _zTurkey _zİzmir _971544 |
|
| 650 | 0 |
_aEkonomik kalkınma _zTürkiye _zİzmir _971545 |
|
| 651 | 0 |
_aİzmir (Türkiye) _xSosyal durum _xTarih _971548 |
|
| 651 | 0 |
_aİzmir (Turkey) _xSocial conditions _xHistory _971547 |
|
| 700 | 1 |
_aYetkiner, I. Hakan _933390 |
|
| 710 | 2 |
_aİzmir Ekonomi Üniversitesi _947135 |
|
| 910 | _a0034941 | ||
| 942 | _cBK | ||